| Поле | Инд. | ПП | Название | Значение |
|---|---|---|---|---|
| Тип записи | a | |||
| Библиографический уровень | m | |||
| 001 | Контрольный номер | ffef95d3-021f-43ef-b703-1dd8f5097d22 | ||
| 005 | Дата корректировки | 20141114154342.7 | ||
| 008 | Кодируемые данные | 040406 | ||
| 020 | c | Цена, тираж | б/ц | |
| 041 | a | Код языка текста | rus | |
| 080 | a | Индекс УДК | 882.09(043.3) | |
| 084 | a | Индекс другой классификации/Индекс ББК | Ш5(2=411.2)-335.3я031 | |
| a | Индекс другой классификации/Индекс ББК | Ш401.45я031 | ||
| 090 | a | Полочн. индекс | Ш5(2=411.2) | |
| x | Авторский знак | А86 | ||
| 100 | 1_ | a | Автор | Артемова Светлана Юрьевна |
| q | Полное имя | Артемова С. Ю. | ||
| 245 | 10 | a | Заглавие | Лирическое послание в литературе ХХ века: поэтика жанра |
| b | Продолж. заглавия | автореф. дис. ... канд. филол. наук : 10.01.08 | ||
| c | Ответственность | Твер. гос. ун-т, Каф. теории литературы | ||
| 260 | 0_ | a | Место издания | Тверь |
| b | Издательство | Тверской государственный университет | ||
| c | Дата издания | 2004 | ||
| 300 | a | Объем | 18 с. | |
| 500 | a | Примечание | На правах рукоп. | |
| 504 | a | Библиография | Библиогр.: с.17-18 | |
| 583 | a | Действие | Получение впервые 141 30.03.2004 | |
| 650 | a | Основная рубрика | Русская литература | |
| x | Основная подрубрика | Теория | ||
| 650 | a | Основная рубрика | Жанры литературные | |
| x | Основная подрубрика | Послание лирическое | ||
| 650 | a | Основная рубрика | Литературоведение | |
| x | Основная подрубрика | Жанры лирические | ||
| x | Основная подрубрика | Поэзия | ||
| 653 | a | Ключевые слова | Авторефераты | |
| a | Ключевые слова | Жанры | ||
| a | Ключевые слова | Лирические жанры | ||
| a | Ключевые слова | Лирическое послание | ||
| a | Ключевые слова | Литературные жанры | ||
| a | Ключевые слова | Послание | ||
| a | Ключевые слова | Поэзия | ||
| a | Ключевые слова | Поэтические жанры | ||
| a | Ключевые слова | Русская литература | ||
| a | Ключевые слова | Русская поэзия | ||
| a | Ключевые слова | Теория литературы | ||
| a | Ключевые слова | Труды Тверского государственного университета | ||
| 710 | a | Организация/ юрисдикция | Тверской государственный университет | |
| 852 | t | Порядковый номер экземпляра | 2 | |
| p | Инвентарный номер | б/н | ||
| 888 | a | Бесплатные | ||
| 930 | a | Новая/Ретро | авторефераты | |
| 952 | p | 141.2004 б/ц 2 б/н | ||
| c | Вид литературы | А/Р н | ||
| 954 | a | Дата поступления на обработку | 20040416 | |
| 999 | a | Подразделение 2 | ч.з. |